| 000 | 01366nam a2200337 a 4500 | ||
|---|---|---|---|
| 001 | ebr10031902 | ||
| 003 | CaPaEBR | ||
| 006 | m u | ||
| 007 | cr cn||||||||| | ||
| 008 | 980720s1999 nju sb 001 0 eng | ||
| 010 | _z 98030484 | ||
| 020 | _z0691002657 (cloth : alk. paper) | ||
| 020 | _z0691004463 (pbk. : alk. paper) | ||
| 040 |
_aCaPaEBR _cCaPaEBR |
||
| 035 | _a(OCoLC)70747769 | ||
| 050 | 1 | 4 |
_aJC181.K4 _bF58 1999eb |
| 082 | 0 | 4 |
_a323.44 _221 |
| 100 | 1 | _aFleischacker, Samuel. | |
| 245 | 1 | 2 |
_aA third concept of liberty _h[electronic resource] : _bjudgment and freedom in Kant and Adam Smith / _cSamuel Fleischacker. |
| 260 |
_aPrinceton, NJ : _bPrinceton University Press, _c1999. |
||
| 300 | _axiv, 336 p. | ||
| 504 | _aIncludes bibliographical references (p. [279]-327) and index. | ||
| 533 |
_aElectronic reproduction. _bPalo Alto, Calif. : _cebrary, _d2013. _nAvailable via World Wide Web. _nAccess may be limited to ebrary affiliated libraries. |
||
| 600 | 1 | 0 |
_aKant, Immanuel, _d1724-1804 _xContributions in political science. |
| 600 | 1 | 0 |
_aSmith, Adam, _d1723-1790. |
| 650 | 0 | _aLiberty. | |
| 650 | 0 | _aJudgment (Ethics) | |
| 655 | 7 |
_aElectronic books. _2local |
|
| 710 | 2 | _aebrary, Inc. | |
| 856 | 4 | 0 |
_uhttp://site.ebrary.com/lib/rucke/Doc?id=10031902 _zAn electronic book accessible through the World Wide Web; click to view |
| 999 |
_c176291 _d176291 |
||